| 000 | nam a22 a 4500 | ||
|---|---|---|---|
| 999 |
_c404739 _d404739 |
||
| 003 | BLK | ||
| 005 | 20210405103201.0 | ||
| 008 | 210325b bu |||||r|||| 00| | bu d | ||
| 040 | _aBLK | ||
| 041 |
_aBUL _cBUL |
||
| 080 |
_aОснови на възпитанието (материални, теоретични, философски и др.). Педагогика _b37.01 _z37.01 |
||
| 100 |
_9443572 _aРайн, Вилхелм _eпърви автор |
||
| 139 | _aРайн, Вилхелм | ||
| 245 |
_aСистема на педагогията _cВилхелм Райн ; Прев. от нем. В. Георгиев |
||
| 260 |
_aПловдив _c1898 _9209596 _bХристо Г. Данов _n954-442- |
||
| 300 |
_a4, 108 с. _c22,5 см |
||
| 380 | _a3 | ||
| 490 |
_9435080 _aКолекция Редки и ценни издания |
||
| 650 | 7 |
_9165929 _aПедагогика |
|
| 700 |
_91091 _aГеоргиев, Васил _eпрев. от нем. |
||
| 852 |
_aРб 898 _bРц |
||
| 942 |
_cKNG _n0 _s1 |
||
| 944 |
_aCR _c2021-04-01 _kРенета Константинова |
||
| 999 | _d404739 | ||